Loading...
| AG | 1 | 4 | 0 | 0 | 55 | 43 | 92.80 | 2 | 5 | 0.00 | 0.00 |
| RR | 1 | 4 | 1 | 0 | 50 | 11 | 78.00 | 2 | 5 | 0.00 | 0.00 |
| RC | 2 | 2 | 0 | 0 | 50 | 55 | 87.50 | 3 | 4 | 0.00 | 0.00 |
| MB | 0 | 4 | 1 | 1 | 35 | 91 | 113.75 | 2 | 4 | 0.00 | 0.00 |
| BB | 0 | 3 | 0 | 2 | 30 | 82 | 117.33 | 1 | 3 | 0.00 | 0.00 |
| DM | 1 | 1 | 0 | 0 | 25 | 60 | 86.00 | 1 | 2 | 0.00 | 0.00 |
| AW | 1 | 1 | 1 | 0 | 20 | 67 | 83.00 | 2 | 2 | 0.00 | 0.00 |
| TR | 0 | 2 | 0 | 0 | 20 | 88 | 107.50 | 2 | 2 | 0.00 | 0.00 |
| AWD | 0 | 1 | 0 | 0 | 10 | 88 | 88.00 | 1 | 1 | 0.00 | 0.00 |
| AR | 1 | 0 | 1 | 0 | 10 | 44 | 44.00 | 1 | 1 | 0.00 | 0.00 |
| AW> | 0 | 0 | 1 | 0 | -5 | 0.00 | 0 | 0 | 0.00 | 0.00 |